| 000 | 01263cam a2200361 a 4500 | ||
|---|---|---|---|
| 001 | 15236413 | ||
| 003 | OSt | ||
| 005 | 20230920141305.0 | ||
| 008 | 080301s2008 ii b 001 0 eng | ||
| 010 | _a 2008348334 | ||
| 020 | _a9780143104094 | ||
| 025 | _aI-E-2008-348334; 62-90 | ||
| 035 | _a(IN-NdUBS)UBS08000618 | ||
| 037 |
_bLibrary of Congress -- New Delhi Overseas Office _cRs395.00 |
||
| 040 |
_aDLC _cDLC |
||
| 042 | _alcode | ||
| 043 | _aa-ii--- | ||
| 050 | 0 | 0 |
_aDS480.84 _b.C5216 2008 |
| 082 |
_a954.035 _bCHA/I |
||
| 100 | 1 |
_aChandra, Bipan _9137 |
|
| 245 | 1 | 0 |
_aIndia since independence / _cBipan Chandra, Mridula Mukherjee, Aditya Mukherjee. |
| 250 | _aRev. ed. | ||
| 260 |
_aNew Delhi : _bPenguin Books, _c2008. |
||
| 300 |
_axvi, 771 p. ; _c23 cm. |
||
| 500 | _a"First published as India after independence, 1947-2000 in Viking by Penguin Books India, 1999"--T.p. verso. | ||
| 504 | _aIncludes bibliographical references (p. [735]-755) and index. | ||
| 651 | 0 |
_aIndia _xHistory _y1947- |
|
| 700 | 1 | _aMukherjee, Aditya. | |
| 700 | 1 | _aMukherjee, Mridula. | |
| 906 |
_a7 _bcbc _corigode _d3 _encip _f20 _gy-gencatlg |
||
| 942 |
_2ddc _cBK _h954.035 _iCHA/I _k954.035 _mCHA/I |
||
| 999 |
_c42267 _d42267 |
||